02170agaaa2200313 45000010005000000030009000050050017000140070009000310080040000400400023000800410013001031000044001161300022001602400030001822450175002122460023003872500022004102600127004323000033005595080133005925110092007255200782008175380016015995460013016156500059016287000056016877000058017437000055018014782IT-RoPAU20220918181237.0d cvaizq50131s9999||||xx ||| | || ||und|| aIT-RoPAUcIT-RoPAU aITALIANO aBunuel LuisgCodice regista SPICS: 8694 aSIMON DEL DESERTO aSIMON DEL DESIERTOgT1374 aSIMON DEL DESERTOcProdotto da: Alatriste Gustavo -- Sceneggiatura: Bunuel Luis Alejandro Julio -- Diretto da: Bunuel LuispNAZARIN (Rif. Codice opera principale : H4781) aSIMON DEL DESIERTO aEdizione Standard aMEXICO (MESSICO)bALATRISTE GUSTAVO / Distribuzione: MULTIMEDIA SAN PAOLOg"1965 (1° ed.: 2004 ; Ed. Lingua Orig.: 1965)" aDVDbsonoro, col.c45 minuti a"Fotografia: Figueroa Gabriel; Montaggio: Savage Carlos Jr.; Musica: Lavista Raul; Sceneggiatura: Bunuel Luis Alejandro Julio; " a"Brook Claudio; Pinal Silvia; Santovena Ortensia; Castaneda Luis; Aceves; Felix Enriqu" a"SIMON E' UN MONACO STILITA CHE VIVE NEL DESERTO DA 6 ANNI, 6 MESI E 6 GIORNI. TRA L'INDIFFERENZA POPOLARE, COMPIE MIRACOLI STREPITOSI, SEMPRE RESISTENDO ALLE LUSINGHE DEL MONDO. SCACCIA IL DIAVOLO CHE GLI APPARE PRIMA NELLEVESTI DI UNA RAGAZZINA PERVERSA, POI IN QUELLE DI ""BUON PASTORE"" INVITANDOLO A CONCEDERSI AI PIACERI UMANI...PARADOSSALE, SURREALE, MAGICO, PICARESCO, BENE E MALE, ASCETISMO E ATTIVISMO, DISTACCO O IMMERSIONE NELLA SOCIETA', RAPPORTO INDIVIDUALE O ECCLESIALECON DIO, PECCATO E REDENZIONE, PLURALITA' DELLE TENTAZIONI ALLE QUALI ANCHE IL PIU' ASCETA DEGLI UOMINI VIENE SOTTOPOSTO, ASTUZIA DEL PECCATO NELLE SUE OFFERTE.CONTENUTI EXTRA: BIOGRAFIA E FILMOGRAFIA ESSENZIALE DEL REGISTA E DEGLI ATTORI PRINCIPALI; SCHEDA CRITICA FI FERNALDO DI GIAMMATTEO." aPAL, STEREO aITALIANO aDRAMMATICOeDVD-FILM [DVD]xCodice MATERIA SPICS: 9947 aBunuel Luis e(regista)gCodice regista SPICS: 8694 aBunuel Luis e(soggetto)gCodice Soggetto SPICS: 8694 aLavista Raule(musica)gCodice Musica SPICS: 28814